000 00489nam a2200193 a 4500
001 157799
003 OSt
005 20211230124235.0
008 200626 ### ENG
020 _a9789352533572
082 _a530.15
_bD26M
100 _aDass, H.K.
245 _aMathematical physics
_cby H.K. Dass and Rama Verma
260 _aNew Delhi
_bS Chand and Company
_c2019
300 _a1416p.
653 _aMathematical physics
700 _aVerma, Rama
942 _2ddc
_cBK
999 _c20107
_d20107